000 00569nam a2200181Ia 4500
003 GCL
008 140319s9999 xx 000 0 ara d
040 _aGCL /
_cGCL
082 0 4 _a891.7
_bف ل
100 1 _aفاسيليف، بوريس
245 1 0 _aليس بين الاسماء /
_cفاسيليف، بوريس
700 1 _aمحمد الطيار
300 _a318 ص
490 _aالهيئة العامة للاستعلامات
_v0
650 0 4 _aالقصص الروسية المترجمة
650 0 4 _aالادب الروسى المترجم
942 _2ddc
_cBK
999 _c47438
_d47438